书目信息 |
| 题名: |
BIM技术应用基础
|
|
| 作者: | 张玉琢 , 张德海 , 孙佳琳 主编 | |
| 分册: | ||
| 出版信息: | 北京 清华大学出版社 2020.3 |
|
| 页数: | 255页 | |
| 开本: | 19cm | |
| 丛书名: | 21世纪BIM教育系列丛书 | |
| 单 册: | ||
| 中图分类: | TU201.4 | |
| 科图分类: | ||
| 主题词: | 建筑设计--计算机辅助设计--应用软件 | |
| 电子资源: | ||
| ISBN: | 978-7-302-53570-6 | |
| 000 | 01211nam0 2200277 450 | |
| 001 | 012019173105 | |
| 005 | 20200518211415.0 | |
| 010 | @a978-7-302-53570-6@dCNY48.00 | |
| 100 | @a20200518d2020 em y0chiy0110 ea | |
| 101 | 0 | @achi |
| 102 | @aCN@b110000 | |
| 105 | @af z 000zy | |
| 106 | @ar | |
| 200 | 1 | @aBIM技术应用基础@9BIMJi Shu Ying Yong Ji Chu @f张玉琢,张德海,孙佳琳主编 |
| 210 | @a北京@c清华大学出版社@d2020.3 | |
| 215 | @a255页@d19cm | |
| 225 | 2 | @a21世纪BIM教育系列丛书 |
| 330 | @a《BIM设备模型创建与应用》共9章。主要介绍了BIM基础知识,Revit软件基础,Revit建模项目设置,Revit architecture建模实例—以二层别墅为例,Revit MEP给排水设计与建模,Revit MEP暖通设计与建模,Revit MEP电气设计与建模,项目生命期内BIM应用与趋势,BIM工程应用实例等内容。《BIM设备模型创建与应用》可作为新时代下普通高等院校土木工程或建筑类相关专业的入门教材,也可以作为行业中对BIM感兴趣的从业人员的初学读本。 | |
| 461 | 0 | @1200 @a21世纪BIM教育系列丛书 |
| 606 | 0 | @a建筑设计@x计算机辅助设计@x应用软件 |
| 690 | 0 | @aTU201.4@v5 |
| 701 | 0 | @a张玉琢@9Zhang Yu Zhuo @4主编 |
| 701 | 0 | @a张德海@9Zhang De Hai @4主编 |
| 701 | 0 | @a孙佳琳@9Sun Jia Lin @4主编 |
| 801 | 0 | @aCN@b人天书店@c20200518 |
| 905 | @aTSG@dTU20@eZ239@f2 | |
| BIM技术应用基础/张玉琢,张德海,孙佳琳主编.-北京:清华大学出版社,2020.3 |
| 255页;19cm.-(21世纪BIM教育系列丛书) |
| ISBN 978-7-302-53570-6:CNY48.00 |
| 《BIM设备模型创建与应用》共9章。主要介绍了BIM基础知识,Revit软件基础,Revit建模项目设置,Revit architecture建模实例—以二层别墅为例,Revit MEP给排水设计与建模,Revit MEP暖通设计与建模,Revit MEP电气设计与建模,项目生命期内BIM应用与趋势,BIM工程应用实例等内容。《BIM设备模型创建与应用》可作为新时代下普通高等院校土木工程或建筑类相关专业的入门教材,也可以作为行业中对BIM感兴趣的从业人员的初学读本。 |
| ● |
| 相关链接 |
|
|
|
正题名:BIM技术应用基础
索取号:TU20/Z239
 
预约/预借
| 序号 | 登录号 | 条形码 | 馆藏地/架位号 | 状态 | 备注 |
| 1 | 1534240 | 215342403 | 建筑库101/101建筑库 32排3列3层/ [索取号:TU20/Z239] | 在馆 | |
| 2 | 1534241 | 215342412 | 建筑库101/101建筑库 32排3列3层/ [索取号:TU20/Z239] | 在馆 |